Medio ambiente y desarrollo urbano

Refleja el perfil ambiental del desarrollo urbano del distrito VI empezando por una unidad básica territorial que de la pauta para la transformación de dicho distrito donde se señalaran las épocas históricas las diferentes zonas habitacionales ubicadas en el distrito, se elaborará un diagnóst...

Full description

Bibliographic Details
Main Author: Carballo Aguilar, Mercedes Modesta
Other Authors: Tutor: Mendoza Velásquez, Francisco Antonio
Format: Tesis Section = Libro
Language:Undetermined
Spanish
Published: Managua UNI 1998
Subjects:
LEADER 01259nam a2200265Ia 4500
008 240830s9999 xx 000 0 und d
040 |a BIBLIOTECA-RUSB/ T.Mon 711 C263 
041 |a spa 
082 |a T.Mon 711 C263 
100 1 |a Carballo Aguilar, Mercedes Modesta 
245 1 0 |a Medio ambiente y desarrollo urbano 
260 |a Managua  |b UNI  |c 1998 
300 |a 71 p. :il. 
500 |a Contiene: anexos. 
502 |a Tesis (Especialista en Medio Ambiente y Desarrollo Urbano) - UNI, 1998. 
520 3 |a Refleja el perfil ambiental del desarrollo urbano del distrito VI empezando por una unidad básica territorial que de la pauta para la transformación de dicho distrito donde se señalaran las épocas históricas las diferentes zonas habitacionales ubicadas en el distrito, se elaborará un diagnóstico del distrito y por último se definirán estrategias ambientales específicamente para el barrio La Primavera. 
650 7 |a PLANIFICACION DEL ESPACIO (URBANISMO) 
650 7 |b  DESARROLLO URBANO-ASPECTOS AMBIENTALES 
650 7 |c  USO DEL SUELO 
650 7 |d  MEDIO AMBIENTE URBANO 
650 7 |e  ESPACIOS PUBLICOS-MANAGUA 
700 1 |a Tutor:  |b Mendoza Velásquez, Francisco Antonio 
942 |c BK  |2 ddc 
991 |a TESIS 
999 |c 21952